000 00241nam a2200097Ia 4500
001 1076917
005 20250827002306.0
008 250824s9999 xx 000 0 und d
245 0 _aSAVAŞÇI
_cDOĞAN CÜCELOĞLU
260 _bREMZİ KİTABEVİ
999 _c1076917
_d1076917